| 000 | 01486cam a2200277 a 4500 | ||
|---|---|---|---|
| 005 | 20110812124914.0 | ||
| 010 | _aB-428561-562 | ||
| 020 |
_a9788130909608 _c295.00 |
||
| 035 | _aB-428561-562 | ||
| 037 | _bResearchco Book Centre | ||
| 082 | _a883.092 | ||
| 100 | 1 |
_aVasudevan Nair, M. T., _932991 |
|
| 245 | 1 | 0 |
_aBear with me mother : _bmemoirs and stories / _cM.T. Vasudevan Nair ; translated by Gita Krishnankutty. |
| 260 |
_aNew Delhi : _bViva Books, _c2010. |
||
| 300 |
_aviii, 342 p. : _bill. ; _c23 cm. (Pbk) |
||
| 600 | 1 | 0 |
_aVasudevan Nair, M. T., _d1934- _932992 |
| 600 | 1 | 0 |
_aVasudevan Nair, M. T., _d1934- _vTranslations into English. _932993 |
| 650 | 0 |
_aAuthors, Malayalam _y20th century _vBiography. _932994 |
|
| 650 | 0 |
_aMalayalam literature _y20th century _xHistory and criticism. _932995 |
|
| 700 | 1 |
_aKrishnankutty, Gita, _d1935- _932793 |
|
| 942 |
_2ddc _cEN _k295.00 _h883.092 |
||
| 999 |
_c55361 _d55361 |
||